| 000 | 01157nam a22003257a 4500 | ||
|---|---|---|---|
| 003 | CHAP | ||
| 005 | 20220329140304.0 | ||
| 008 | 971013s1980 r 00010 d | ||
| 010 | _a49820 | ||
| 011 | _a50792 | ||
| 035 | _a54942 | ||
| 040 | _cCHAP | ||
| 090 | _aTesis | ||
| 100 | 0 | 0 |
_aVillar Olea, Juan Sergio del. _9119540 |
| 245 |
_aPlaneación de cultivos perennes en la costa de Hermosillo, Sonora _b: para un período de diez años mediante el uso de la programación lineal |
||
| 260 |
_a(Monterrey, N.L.) : _bEl autor, _c1980 |
||
| 300 |
_a39 h. _b; mapas |
||
| 502 | _aTesis (Ing. Agrónomo Administrador) -- ITESM. Div. de Ciencias Agropecuarias y Marítimas | ||
| 590 |
_aALEPH _b10 _c20130110 _lUCH01 _h1323 |
||
| 590 |
_aBATCH-UPD _b10 _c20130110 _lUCH01 _h1745 |
||
| 590 |
_aBATCH-UPD _b10 _c20130410 _lUCH01 _h1123 |
||
| 590 |
_aBATCH-UPD _b10 _c20130914 _lUCH01 _h1119 |
||
| 590 |
_aCONVERSION _b10 _c20130109 _lUCH01 _h1327 |
||
| 650 | 1 | 4 |
_aCultivos _xSonora. _930327 |
| 650 | 1 | 4 |
_aPolítica agrícola _xSonora. _990362 |
| 650 | 1 | 4 |
_aProgramación lineal. _992371 |
| 901 | _aBK | ||
| 942 | _cTESIS | ||
| 949 |
_bBC _cTES _d-120897 _eTS1 _i54942 _si |
||
| 999 |
_c49820 _d49820 |
||